|
|
แสดงรายละเอียดบรรณานุกรม |
|
|
Brief Record
: Get Marc (ISO 2709)
: E-mail record
: |
|
|
| LEADER 00000nama 2200000uu 4500 | |||
| 001 197111 | |||
| 003 ULIBM | |||
| 008 040531s|||| th m m a000 0 tha d | |||
| 020 974-94738-3-9 | |||
| 041 tha | |||
| 050 PL3748.M8 ม844 2547 ล.1ฉ.1 | |||
| 100 เมือง ทิง อุง,[คีรีบูน แปลและเรียบเรียง]. | |||
| 245 เจ้าหญิงผู้พิพากษา (ตอน 1) | |||
| 250 พิมพ์ครั้งที่ 2. | |||
| 260 ปทุมธานี. คีรีบูน. 2547. | |||
| 300 158หน้า. | |||
| 440 ชุดวรรณกรรมชวนคิดเรื่อง "ความยุติธรรม". | |||
| 500 ชื่อเรื่องจากปกนอก. | |||
| 600 คีรีบูน,ผู้แปล. | |||
| 650 วรรณกรรมพม่า--รวมเรื่อง,กฎหมายกับวรรณคดี--รวมเรื่อง,กฎหมายในวรรณกรรม--รวมเรื่อง. | |||
| 995 001 | |||
| คุณยังไม่ได้ล็อกอิน คุณสามารถมีกิจกรรมร่วมกับเว็บไซต์ได้ แต่ต้องล็อกอินก่อน :: |
|
| สถานะ | |||||||||
| 1. | หนังสือทั่วไป | PL3748.M8 ม844 2547 ล.1ฉ.1 | On Shelf ขอยืม | ||||||
| 2. | หนังสือทั่วไป | PL3748.M8 ม844 2547 ล.1ฉ.1 | On Shelf ขอยืม | ||||||
| [แสดง 2/2 รายการ] | |||||||||
BibComment |
| คอมเมนท์ทรัพยากรรายการนี้ |
|
|